000 01187nam a22003014a 4500
001 ebr10382839
003 CaPaEBR
006 m u
007 cr cn|||||||||
008 051021s2006 ne af sb 001 0 eng
010 _z 2005030991
020 _z0123694914
040 _aCaPaEBR
_cCaPaEBR
035 _a(OCoLC)647919965
050 1 4 _aQR100
_b.M387 2006eb
082 0 4 _a579/.17
_222
100 1 _aMcArthur, J. Vaun.
245 1 0 _aMicrobial ecology
_h[electronic resource] :
_ban evolutionary approach /
_cJ. Vaun McArthur.
260 _aAmsterdam ;
_aBoston :
_bElsevier, AP,
_cc2006.
300 _axii, 416 p., [2] p. of plates :
_bill. (some col.).
504 _aIncludes bibliographical references (p. [371]-393) and index.
533 _aElectronic reproduction.
_bPalo Alto, Calif. :
_cebrary,
_d2013.
_nAvailable via World Wide Web.
_nAccess may be limited to ebrary affiliated libraries.
650 0 _aMicrobial ecology.
650 0 _aSurface chemistry.
655 7 _aElectronic books.
_2local
710 2 _aebrary, Inc.
856 4 0 _uhttp://site.ebrary.com/lib/rucke/Doc?id=10382839
_zAn electronic book accessible through the World Wide Web; click to view
999 _c207893
_d207893